000 00794nam a22002417a 4500
005 20260428153548.0
008 260428b |||||||| |||| 00| 0 eng d
020 _a817824067X (pbk)
037 _cREF
040 _aCRL
_cCRL
041 _2eng
_aeng
084 _aY:1(Q2).2 P1 (RR)
_qCRL
100 _aSarkar, Tanika
245 _aHindu wife, hindu nation:
_bcommunity, religion and cultural nationalism
260 _aRanikhet, India:
_bPermanent Black,
_c2001.
300 _aviii, 290p.
365 _b595.00
_cINR
650 _aSociology
650 _aCulture
650 _aHinduism
942 _2CC
_cREF
_hY:1(Q2).2 P1 (RR)
_n0
999 _c1848593
_d1848593